MARC details
| 000 -CABECERA |
| campo de control de longitud fija |
02525nam a2200313 a 4500 |
| 003 - IDENTIFICADOR DEL NÚMERO DE CONTROL |
| campo de control |
OSt |
| 005 - FECHA Y HORA DE LA ÚLTIMA TRANSACCIÓN |
| campo de control |
20260210131924.0 |
| 007 - CAMPO FIJO DE DESCRIPCIÓN FÍSICA--INFORMACIÓN GENERAL |
| campo de control de longitud fija |
cr ||||||a|c|a |
| 008 - DATOS DE LONGITUD FIJA--INFORMACIÓN GENERAL |
| campo de control de longitud fija |
240208s2019 mx a|||fom||| 001 0 spa d |
| 040 ## - FUENTE DE LA CATALOGACIÓN |
| Normas de descripción |
rda |
| 100 1# - ENTRADA PRINCIPAL--NOMBRE DE PERSONA |
| 9 (RLIN) |
188664 |
| Nombre de persona |
González León, Marco Antonio |
| 245 10 - MENCIÓN DE TÍTULO |
| Título |
Comportamiento productivo e indicadores de bienestar en pollos de engorda en pastoreo / |
| Mención de responsabilidad, etc. |
por Marco Antonio González Léón ; director de tesis Fernando González León. |
| 264 #1 - PRODUCCIÓN, PUBLICACIÓN, DISTRIBUCIÓN, FABRICACIÓN Y COPYRIGHT |
| Producción, publicación, distribución, fabricación y copyright |
Chapingo, México : |
| Nombre del de productor, editor, distribuidor, fabricante |
El autor, |
| Fecha de producción, publicación, distribución, fabricación o copyright |
2019. |
| 300 ## - DESCRIPCIÓN FÍSICA |
| Extensión |
1 recurso en línea (62 páginas): |
| Otras características físicas |
cuadros, figuras. |
| 336 ## - TIPO DE CONTENIDO |
| Fuente |
rdacontent |
| Término de tipo de contenido |
texto |
| Código de tipo de contenido |
txt |
| 337 ## - TIPO DE MEDIO |
| Fuente |
rdamedia |
| Nombre/término del tipo de medio |
computadora |
| Código del tipo de medio |
c |
| 338 ## - TIPO DE SOPORTE |
| Fuente |
rdacarrier |
| Nombre/término del tipo de soporte |
recurso en línea |
| Código del tipo de soporte |
cr |
| 502 ## - NOTA DE TESIS |
| Tipo de título |
Ingeniero Agrónomo Especialista en Zootecnia |
| Nombre de la institución que otorga el título |
Departamento de Enseñanza, Investigación y Servicio en Zootecnia, |
| Año de obtención del título |
2019. |
| Información miscelánea |
Licenciatura |
| 504 ## - NOTA DE BIBLIOGRAFÍA, ETC. |
| Nota de bibliografía, etc. |
Incluye referencias bibliográficas: páginas 41-52. |
| 520 ## - SUMARIO, ETC. |
| Sumario, etc. |
El objetivo fue evaluar el comportamiento productivo e indicadores de bienestar de pollos de engorda en pastoreo. Se utilizaron 168 pollos Ross 308, de 33 d de edad, que se asignaron al azar a dos tratamientos: T1: crianza en confinamiento con alimentación ad libitum y T2: sistema de 8 horas de pastoreo y ración de concentrado restringida al 40% del consumo de los pollos del T1. Se evaluó el comportamiento productivo de 33 a 54 d de edad, habilidad para caminar (Hc), latencia a postrarse (Lp), quemaduras de almohadillas plantares (Qp), angulación valgus/varus (AngV/V), resistencia a la ruptura de tendón gastrocnemio (RRTe) y de la tibia (RRTi). El comportamiento productivo entre tratamientos fue diferente (P<0.05). Los pollos en T1 tuvieron mayor peso vivo a 54 d de edad (3,379±39 g) que T2 (2,223±39 g). Asimismo, la conversión alimenticia de 33 a 54 d de edad fue menor en aves de confinamiento (2.05±0.05 g/g) que en pastoreo (2.28±0.05 g/g). Estas últimas mostraron una mejor (P<0.05) Hc y Lp, pero no se detectaron diferencias entre tratamiento (P≥0.05) para AngV/V, Qp, y RRTe. En conclusión, el pastoreo con restricción del consumo de concentrado, mejora los indicadores de bienestar Hc y Lp, pero afecta el comportamiento productivo. |
| 650 #4 - PUNTO DE ACCESO ADICIONAL DE MATERIA--TÉRMINO DE MATERIA |
| 9 (RLIN) |
188670 |
| Término de materia o nombre geográfico como elemento de entrada |
Pollos |
| Subdivisión general |
Pastoreo |
| 650 #4 - PUNTO DE ACCESO ADICIONAL DE MATERIA--TÉRMINO DE MATERIA |
| 9 (RLIN) |
90269 |
| Término de materia o nombre geográfico como elemento de entrada |
Pollos de engorde |
| 650 #4 - PUNTO DE ACCESO ADICIONAL DE MATERIA--TÉRMINO DE MATERIA |
| 9 (RLIN) |
90268 |
| Término de materia o nombre geográfico como elemento de entrada |
Pollos |
| Subdivisión general |
Alimentación |
| 650 #4 - PUNTO DE ACCESO ADICIONAL DE MATERIA--TÉRMINO DE MATERIA |
| 9 (RLIN) |
132626 |
| Término de materia o nombre geográfico como elemento de entrada |
Pollos |
| Subdivisión general |
Cría |
| 650 #4 - PUNTO DE ACCESO ADICIONAL DE MATERIA--TÉRMINO DE MATERIA |
| 9 (RLIN) |
12634 |
| Término de materia o nombre geográfico como elemento de entrada |
Bienestar animal |
| 700 1# - PUNTO DE ACCESO ADICIONAL--NOMBRE DE PERSONA |
| 9 (RLIN) |
48783 |
| Nombre de persona |
González Cerón, Fernando |
| Término indicativo de función/relación |
Director de tesis. |
| 856 ## - LOCALIZACIÓN Y ACCESO ELECTRÓNICOS |
| Identificador Uniforme del Recurso |
http://10.13.5.2/tesis/tl/Gonzalez_Leon_Marco_Antonio.pdf |
| Nota pública |
DESCARGAR PDF |
| 942 ## - ELEMENTOS DE PUNTO DE ACCESO ADICIONAL (KOHA) |
| Fuente del sistema de clasificación o colocación |
Clasificación Universidad Autónoma Chapingo |
| Tipo de ítem Koha |
Tesis digital |